Los últimos días de Picó: un episodio de la Independencia de Chile en las Vegas de Coronado el año 1824.
Gardado en:
| Autor Principal: | |
|---|---|
| Formato: | Libro |
| Idioma: | Lingua castelá |
| Publicado: |
Mulchén, Chile
Imprenta de La Araucanía
1884
|
| Subjects: | |
| Tags: |
Engadir etiqueta
Sen Etiquetas, Sexa o primeiro en etiquetar este rexistro!
|
MARC
| LEADER | 00000nam a2200000 a 4500 | ||
|---|---|---|---|
| 001 | UCJ4509 | ||
| 003 | CL-VaPUC | ||
| 005 | 20210605001652.0 | ||
| 008 | 070124e18840000CL |||||||||||||||||spa|d | ||
| 999 | |c 320625 |d 320623 | ||
| 040 | |c Pontificia Universidad Católica de Valparaíso | ||
| 082 | 0 | 4 | |a 983 ISL 1884 |2 21 |
| 100 | 0 | |a Isla Sepúlveda, Ramón |9 508391 | |
| 245 | 1 | 4 | |a Los últimos días de Picó: un episodio de la Independencia de Chile en las Vegas de Coronado el año 1824. |
| 260 | |a Mulchén, Chile |b Imprenta de La Araucanía |c 1884 | ||
| 300 | |a 39 páginas | ||
| 500 | |a La copia 1 se encuentra, separada, en la ubicación 983 ISL | ||
| 500 | |a La copia 2 se encuentra empastada junto a una obra de Vicuña Mackenna, en un volumen rotulado Vicuña, O'Brien, Isla, últimos días Picó, junto a las obras de Vicuña Mackenna | ||
| 583 | |a last modification |c 20070124 00:00:00 |k Rodrigo Vera | ||
| 600 | 0 | 7 | |a PICO, JUAN MANUEL DE |2 CL-VaPUC |9 508392 |
| 600 | 0 | 7 | |a CORONADO, LORENZO |2 CL-VaPUC |9 508393 |
| 600 | 0 | 7 | |a ZAPATA, JOSE MARIA |2 CL-VaPUC |9 444833 |
| 600 | 0 | 7 | |a BENAVIDES, VICENTE |2 CL-VaPUC |9 444834 |
| 600 | 0 | 7 | |a BOCARDO, VICENTE |2 CL-VaPUC |9 508394 |
| 600 | 0 | 7 | |a PINCHEIRA, ANTONIO |2 CL-VaPUC |9 508395 |
| 650 | 0 | |a Historia de Chile |9 265473 | |
| 650 | 0 | |a Guerra de la independencia |9 331979 | |
| 650 | 7 | |a MONTONERAS |2 CL-VaPUC |9 504218 | |
| 650 | 7 | |a BIOGRAFIAS |2 CL-VaPUC |9 504622 | |
| 651 | 7 | |a VEGAS DE CORONADO |2 CL-VaPUC |9 508396 | |
| 651 | 7 | |a MULCHÉN |2 CL-VaPUC |9 508397 |z CHILE | |
| 942 | |c BK |2 ddc | ||
| 945 | |d 20070124 00:00:00 |a rinostro | ||
| 952 | |0 0 |1 0 |4 0 |6 983_000000000000000_ISL_1884 |7 0 |8 X |9 399176 |a FDOBUD |b FDOBUD |d 2019-11-22 |i 1004999 |o 983 ISL 1884 |p 1004999 |r 2019-11-22 |w 2019-11-22 |y BK_X |k BUD | ||
| 952 | |0 0 |1 0 |4 0 |6 983_000000000000000_ISL_1884 |7 0 |8 X |9 399177 |a FDOBUD |b FDOBUD |d 2019-11-22 |i 1018604 |o 983 ISL 1884 |p 1018604 |r 2019-11-22 |w 2019-11-22 |y BK_X |k BUD | ||